[Event "Skopje op-B"]
[Site "Skopje"]
[Date "2023.12.11"]
[Round "8"]
[White "Eftovska, Lea"]
[Black "Radonjanin, Nikola"]
[Result "0-1"]
[WhiteElo "1661"]
[BlackElo "1390"]
[PlyCount "80"]
[EventDate "2023.12.06"]
[EventType "swiss"]
[EventRounds "9"]
[EventCountry "MKD"]
[SourceTitle "CB51_2023"]
[SourceDate "2023.12.20"]
[SourceVersion "1"]
[SourceVersionDate "2023.12.20"]
[SourceQuality "1"]

1. e4 e5 2. Nf3 Nc6 3. Bc4 Bc5 4. d3 Nf6 5. 0-0 d6 6. c3 a5 7. h3 0-0 8. Re1 Be6 9. Bb5 Ne7 10. d4 exd4 11. cxd4 Bb6 12. Nc3 h6 13. Be3 c6 14. Bd3 d5 15. e5 Nd7 16. Nh4 f5 17. exf6 Rxf6 18. Rc1 Nf8 19. Na4 Ba7 20. Nc5 Bxc5 21. Rxc5 Qd7 22. Nf3 Nfg6 23. Ne5 Qd6 24. Nxg6 Nxg6 25. Bxg6 Rxg6 26. Qh5 Rf6 27. Rc2 Raf8 28. Rce2 Rf5 29. Qh4 R8f6 30. Bd2 b6 31. a3 Qd7 32. Qg3 Qf7 33. Be3 Rg6 34. Qh2 Qf6 35. Kh1 Qf7 36. Bd2 Rff6 37. Rf1 Bf5 38. f3 Bd3 39. Rfe1 Bxe2 40. Rxe2 Re6 0-1

[Event "Skopje op-B"]
[Site "Skopje"]
[Date "2023.12.08"]
[Round "4"]
[White "Eftovska, Lea"]
[Black "Burns, Elisaveta"]
[Result "1-0"]
[WhiteElo "1661"]
[BlackElo "1205"]
[PlyCount "59"]
[EventDate "2023.12.06"]
[EventType "swiss"]
[EventRounds "9"]
[EventCountry "MKD"]
[SourceTitle "CB51_2023"]
[SourceDate "2023.12.20"]
[SourceVersion "1"]
[SourceVersionDate "2023.12.20"]
[SourceQuality "1"]

1. e4 e5 2. Nf3 Nc6 3. Bc4 Bc5 4. d3 d6 5. c3 Be6 6. Bxe6 fxe6 7. Qb3 Qc8 8. Ng5 Nd8 9. 0-0 h6 10. Nf3 Nf6 11. d4 exd4 12. cxd4 Bb6 13. Nc3 Nc6 14. d5 exd5 15. Nxd5 Nd4 16. Nxf6+ gxf6 17. Nxd4 Bxd4 18. Qa4+ Ke7 19. Qxd4 Rg8 20. g3 h5 21. Bf4 Qg4 22. Qe3 h4 23. Rac1 Kd7 24. Rc3 Rh8 25. f3 Qh3 26. g4 Rag8 27. Rfc1 Ke6 28. Rxc7 Rg6 29. Qb3+ d5 30. Qxd5# 1-0

[Event "FRM-ch (Women)"]
[Site "Skopje"]
[Date "2023.05.09"]
[Round "7"]
[White "Stojkovska, Monika"]
[Black "Eftovska, Lea"]
[Result "1/2-1/2"]
[WhiteElo "2042"]
[BlackElo "1653"]
[PlyCount "109"]
[EventDate "2023.05.04"]
[EventType "tourn"]
[EventRounds "9"]
[EventCountry "MKD"]
[SourceTitle "CBM 214 Extra"]
[Source "ChessBase"]
[SourceDate "2023.07.31"]
[SourceVersion "1"]
[SourceVersionDate "2023.07.31"]
[SourceQuality "1"]

1. e4 e5 2. Nf3 Nc6 3. Nc3 Nf6 4. Bb5 Bb4 5. 0-0 Bxc3 6. bxc3 d6 7. Re1 0-0 8. d4 Bg4 9. h3 Bh5 10. d5 Ne7 11. Bg5 Nd7 12. g4 Bg6 13. Bd3 Nc5 14. Nh4 f6 15. Bc1 Be8 16. Qf3 Bd7 17. Qg3 g5 18. Ng2 Ng6 19. h4 h6 20. f3 Rf7 21. h5 Ne7 22. Ne3 a5 23. Ba3 b6 24. Qf2 Rf8 25. Qe2 Qe8 26. Rab1 Nc8 27. Bb5 Kh7 28. Nf5 Ne7 29. Bxc5 dxc5 30. d6 Nxf5 31. exf5 c6 32. Bd3 Rb8 33. Red1 Qc8 34. Be4 b5 35. Qe3 c4 36. Qc5 a4 37. Rd2 Rd8 38. Rbd1 Rb7 39. Kg2 Kg7 40. Rb1 Kh7 41. Rb4 Kg7 42. Rd1 Kh7 43. Kf2 Kg7 44. Rbb1 Kh7 45. Rg1 Rg8 46. Rbd1 Re8 47. Rd2 Kg7 48. Rgd1 Rd8 49. f4 gxf4 50. Kf3 Kh7 51. Rg1 Rg8 52. Rdg2 Qe8 53. Kf2 Rg5 54. a3 Qc8 55. Kf3 1/2-1/2

[Event "Olympiad Women-44"]
[Site "Chennai"]
[Date "2022.08.05"]
[Round "7.3"]
[White "Eftovska, Lea"]
[Black "Vidic, Teja"]
[Result "0-1"]
[WhiteElo "1634"]
[BlackElo "2099"]
[PlyCount "66"]
[EventDate "2022.07.29"]
[EventType "team-swiss"]
[EventRounds "11"]
[EventCountry "IND"]
[SourceTitle "CBM 210"]
[Source "ChessBase"]
[SourceDate "2022.10.31"]
[SourceVersion "1"]
[SourceVersionDate "2022.10.31"]
[SourceQuality "1"]
[WhiteTeam "North Macedonia (W)"]
[BlackTeam "Slovenia (W)"]
[WhiteTeamCountry "MKD"]
[BlackTeamCountry "SLO"]

1. e4 c5 2. Nc3 d6 3. f4 g6 4. Nf3 Bg7 5. Bb5+ Bd7 6. Bxd7+ Qxd7 7. d3 Nc6 8. 0-0 e6 9. a3 Nge7 10. Qe1 0-0 11. Bd2 Nd4 12. Nxd4 cxd4 13. Ne2 Rac8 14. Rc1 Qb5 15. Bb4 Rfd8 16. Rf3 Nc6 17. c4 dxc3 18. Bxc3 Qb6+ 19. Kh1 Nd4 20. Nxd4 Bxd4 21. Bxd4 Qxd4 22. Rc3 d5 23. exd5 Qxd5 24. Qc1 Rxc3 25. Qxc3 h5 26. h3 b5 27. Qa5 Qd7 28. b3 Rc8 29. Qd2 Qd4 30. Kh2 Rc3 31. Qd1 a5 32. Kg3 Kg7 33. Rf2 Rxd3+ 0-1

[Event "FRM-ch (Women)"]
[Site "Skopje"]
[Date "2022.05.05"]
[Round "7"]
[White "Eftovska, Lea"]
[Black "Koskoska, Gabriela"]
[Result "0-1"]
[WhiteElo "1610"]
[BlackElo "1995"]
[PlyCount "91"]
[EventDate "2022.04.29"]
[EventType "swiss"]
[EventRounds "7"]
[EventCountry "MKD"]
[SourceTitle "EXT 2023"]
[Source "ChessBase"]
[SourceDate "2022.10.05"]
[SourceVersion "1"]
[SourceVersionDate "2022.10.05"]
[SourceQuality "1"]

1. e4 c5 2. Nc3 Nc6 3. f4 g6 4. Nf3 Bg7 5. Bb5 Nd4 6. 0-0 Nxb5 7. Nxb5 a6 8. Nc3 b5 9. d3 d6 10. Qe1 Bb7 11. Qg3 Qd7 12. Be3 Nf6 13. h3 0-0-0 14. e5 Nd5 15. Nxd5 Bxd5 16. a4 Kb7 17. axb5 axb5 18. b4 Qc6 19. bxc5 dxc5 20. Qf2 Bxf3 21. gxf3 Ra8 22. Bxc5 g5 23. Bxe7 gxf4 24. Bd6 f6 25. Rxa8 Rxa8 26. exf6 Qxd6 27. fxg7 Rg8 28. Rb1 Rxg7+ 29. Kh2 Kc6 30. c4 b4 31. d4 Rb7 32. Rb3 Qg6 33. Rb2 b3 34. Qe1 Kd7 35. d5 Kd6 36. Qh4 Kc5 37. Qxf4 Re7 38. d6 Re1 39. Qg4 Qxd6+ 40. f4 Kxc4 41. Qg5 Qe6 42. Qg2 Rc1 43. Qd2 Rc3 44. Qf2 Qe3 45. Qf1+ Qd3 46. Qg1 0-1

[Event "FRM-ch (Women)"]
[Site "Skopje"]
[Date "2022.04.30"]
[Round "2"]
[White "Eftovska, Lea"]
[Black "Lazarova, Jovana"]
[Result "1-0"]
[WhiteElo "1610"]
[BlackElo "1207"]
[PlyCount "57"]
[EventDate "2022.04.29"]
[EventType "swiss"]
[EventRounds "7"]
[EventCountry "MKD"]
[SourceTitle "EXT 2023"]
[Source "ChessBase"]
[SourceDate "2022.10.05"]
[SourceVersion "1"]
[SourceVersionDate "2022.10.05"]
[SourceQuality "1"]

1. e4 e6 2. d4 d5 3. exd5 exd5 4. Bd3 Bd6 5. Nf3 Nf6 6. 0-0 0-0 7. h3 h6 8. Re1 Nbd7 9. Nc3 c5 10. Nb5 Bb8 11. c3 a6 12. Na3 Re8 13. Be3 c4 14. Bb1 Nf8 15. b3 Bd6 16. Nc2 Ne4 17. Bd2 b5 18. bxc4 dxc4 19. Ne3 Bb7 20. Nf5 Nxd2 21. Qxd2 Rxe1+ 22. Nxe1 Bc7 23. Bc2 Ng6 24. Rd1 Bf4 25. Qe2 Qa5 26. g3 Bb8 27. Qe8+ Kh7 28. Qxf7 Qc7 29. Ne7 1-0

[Event "FRM-ch (Women)"]
[Site "Skopje"]
[Date "2022.04.29"]
[Round "1"]
[White "Stojkovska, Monika"]
[Black "Eftovska, Lea"]
[Result "1-0"]
[WhiteElo "2086"]
[BlackElo "1610"]
[PlyCount "147"]
[EventDate "2022.04.29"]
[EventType "swiss"]
[EventRounds "7"]
[EventCountry "MKD"]
[SourceTitle "EXT 2023"]
[Source "ChessBase"]
[SourceDate "2022.10.05"]
[SourceVersion "1"]
[SourceVersionDate "2022.10.05"]
[SourceQuality "1"]

1. e4 e5 2. Nc3 Nc6 3. g3 Bc5 4. Bg2 Nf6 5. d3 d6 6. h3 h6 7. Na4 Bb6 8. Nxb6 axb6 9. Ne2 0-0 10. 0-0 Nh7 11. f4 f5 12. Kh2 exf4 13. gxf4 Qh4 14. Ng3 Ne7 15. Bd2 Bd7 16. Be1 Qf6 17. Bc3 Qf7 18. Nh5 Nf6 19. Nxf6+ gxf6 20. e5 fxe5 21. fxe5 d5 22. Rg1 Kh7 23. e6 Bxe6 24. Bf3 Rg8 25. Qe2 Rxg1 26. Rxg1 Rg8 27. Bh5 Ng6 28. Bxg6+ Rxg6 29. Qe5 Qg8 30. Qxc7+ Bf7 31. Rxg6 Qxg6 32. Qe5 Qg8 33. Qxf5+ Bg6 34. Qf6 b5 35. Be5 Be8 36. Bf4 Bg6 37. Be5 Be8 38. c3 Bg6 39. d4 Be8 40. b3 Bf7 41. h4 h5 42. a3 Be6 43. a4 bxa4 44. bxa4 Bf7 45. a5 Be6 46. Qe7+ Qf7 47. Qxf7+ Bxf7 48. Kg3 Kg6 49. Kf4 Be8 50. c4 dxc4 51. d5 Bd7 52. Bc3 Bg4 53. Ke5 Kf7 54. Kd6 Bf3 55. Kc5 Bg4 56. Kb6 Bf3 57. d6 Ke8 58. Kc7 Bg4 59. Kxb7 Kd7 60. Be5 c3 61. Bxc3 Kxd6 62. a6 Bf3+ 63. Kb8 Ke6 64. a7 Kf5 65. a8Q Bxa8 66. Kxa8 Kg4 67. Bf6 Kf5 68. Bg5 Ke6 69. Kb7 Kd7 70. Bf4 Ke6 71. Kc7 Ke7 72. Bg5+ Ke6 73. Kd8 Kf7 74. Kd7 1-0

[Event "EU-ch Hybrid U18 Girls"]
[Site "Tornelo INT"]
[Date "2021.10.15"]
[Round "7"]
[White "Bilic, Marijana"]
[Black "Eftovska, Lea"]
[Result "1/2-1/2"]
[WhiteElo "1841"]
[BlackElo "1531"]
[PlyCount "76"]
[EventDate "2021.10.15"]
[EventType "swiss"]
[EventRounds "9"]
[EventCountry "NET"]
[SourceTitle "EXT 2023"]
[Source "ChessBase"]
[SourceDate "2022.10.05"]
[SourceVersion "1"]
[SourceVersionDate "2022.10.05"]
[SourceQuality "1"]
[WhiteTeam "Serbia"]
[BlackTeam "Macedonia"]
[WhiteTeamCountry "SRB"]
[BlackTeamCountry "MKD"]

1. e4 e5 2. Nf3 Nc6 3. d4 exd4 4. Nxd4 Bc5 5. Nb3 Bb6 6. Nc3 Nge7 7. Qe2 d6 8. Bg5 0-0 9. 0-0-0 f6 10. Be3 Be6 11. Bxb6 axb6 12. Kb1 Nb4 13. a3 Na6 14. Nd4 Bf7 15. Qd2 c6 16. Qf4 b5 17. Nf3 b4 18. Ne2 bxa3 19. Qxd6 a2+ 20. Ka1 Nb4 21. Qd2 Qb6 22. Ned4 Rfd8 23. c3 c5 24. cxb4 cxd4 25. e5 Rac8 26. Bd3 Bc4 27. exf6 Qxf6 28. Rhe1 Ng6 29. Bxg6 Qxg6 30. Ne5 Qb6 31. Nxc4 Rxc4 32. Qe2 Rxb4 33. Kxa2 Ra8+ 34. Kb1 Qg6+ 35. Qe4 Qb6 36. Qe6+ Qxe6 37. Rxe6 Rd8 38. Rd3 Kf7 1/2-1/2

[Event "EU-ch Hybrid U18 Girls"]
[Site "Tornelo INT"]
[Date "2021.10.15"]
[Round "5"]
[White "Petrova, Maria"]
[Black "Eftovska, Lea"]
[Result "1/2-1/2"]
[WhiteElo "1800"]
[BlackElo "1531"]
[PlyCount "103"]
[EventDate "2021.10.15"]
[EventType "swiss"]
[EventRounds "9"]
[EventCountry "NET"]
[SourceTitle "EXT 2023"]
[Source "ChessBase"]
[SourceDate "2022.10.05"]
[SourceVersion "1"]
[SourceVersionDate "2022.10.05"]
[SourceQuality "1"]
[WhiteTeam "Bulgaria"]
[BlackTeam "Macedonia"]
[WhiteTeamCountry "BUL"]
[BlackTeamCountry "MKD"]

1. d4 Nf6 2. Nf3 g6 3. c4 Bg7 4. Nc3 d6 5. Bf4 0-0 6. h3 Nc6 7. d5 Na5 8. e4 b6 9. Bd3 e6 10. 0-0 Nb7 11. e5 dxe5 12. Nxe5 exd5 13. Nc6 Qd7 14. cxd5 Nd6 15. Re1 Re8 16. Rxe8+ Qxe8 17. Qd2 Bd7 18. Rc1 Bxc6 19. dxc6 Rd8 20. Qe2 Qf8 21. Qf3 Re8 22. Bg5 Re6 23. Nb5 Nxb5 24. Bxb5 Qb4 25. Bc4 Re1+ 26. Rxe1 Qxe1+ 27. Kh2 Qe5+ 28. Bf4 Qe7 29. g4 a5 30. Kg2 h6 31. b3 Kf8 32. Qg3 Ne8 33. Qd3 g5 34. Bg3 Nf6 35. Kh2 Ne4 36. Qd7 Nxg3 37. Kxg3 Be5+ 38. Kg2 Qf6 39. Qf5 Qxf5 40. gxf5 Kg7 41. Kf3 Kf6 42. Ke4 Bd6 43. Bd5 Bc5 44. f4 gxf4 45. Kxf4 Bd6+ 46. Kg4 Bc5 47. Kf4 Bd6+ 48. Ke4 Bc5 49. Bc4 Bd6 50. Bd5 Bc5 51. Bc4 Bd6 52. Bd5 1/2-1/2

[Event "Balkan-ch U18 Girls"]
[Site "Tornelo INT"]
[Date "2020.10.31"]
[Round "3"]
[White "Lupascu, Diana Elena"]
[Black "Eftovska, Lea"]
[Result "1-0"]
[WhiteElo "1491"]
[BlackElo "1392"]
[PlyCount "69"]
[EventDate "2020.10.31"]
[EventType "swiss"]
[EventRounds "7"]
[EventCountry "NET"]
[SourceTitle "EXT 2023"]
[Source "ChessBase"]
[SourceDate "2022.10.05"]
[SourceVersion "1"]
[SourceVersionDate "2022.10.05"]
[SourceQuality "1"]

1. d4 Nf6 2. Nf3 g6 3. g3 Bg7 4. Bg2 d6 5. 0-0 0-0 6. c4 Nbd7 7. Nc3 e5 8. e4 exd4 9. Nxd4 Re8 10. h3 Nc5 11. Re1 c6 12. Qc2 Bd7 13. Nb3 Ne6 14. Be3 Qc8 15. Rad1 Nc7 16. Kh2 d5 17. cxd5 cxd5 18. Nxd5 Nfxd5 19. exd5 Bf5 20. Qc4 Bxb2 21. d6 Ne6 22. Qxc8 Rexc8 23. Bxb7 Bc2 24. Rd2 Bxb3 25. Rxb2 Ba4 26. Bxa8 Rxa8 27. Rb7 a6 28. Rc1 Rd8 29. Bh6 Nd4 30. d7 Bc6 31. Rc7 Nf3+ 32. Kh1 Ne5+ 33. R7xc6 Nxc6 34. Rxc6 f5 35. Rc8 1-0

[Event "Skopje op"]
[Site "Skopje"]
[Date "2019.12.07"]
[Round "2"]
[White "Stoilkovski, Jordan"]
[Black "Eftovska, Lea"]
[Result "0-1"]
[WhiteElo "1846"]
[BlackElo "1526"]
[PlyCount "84"]
[EventDate "2019.12.06"]
[EventType "swiss"]
[EventRounds "9"]
[EventCountry "MKD"]
[SourceTitle "CBM 193 Extra"]
[Source "ChessBase"]
[SourceDate "2020.01.31"]
[SourceVersion "1"]
[SourceVersionDate "2020.01.31"]
[SourceQuality "1"]

1. e4 e5 2. Nf3 Nc6 3. d4 exd4 4. Nxd4 Bc5 5. Be3 Bb6 6. Nxc6 bxc6 7. Qd2 Ne7 8. c4 Bxe3 9. Qxe3 0-0 10. Nc3 f5 11. 0-0-0 fxe4 12. Qxe4 Rxf2 13. Bd3 Ng6 14. g3 Rb8 15. Bc2 d6 16. h4 Bf5 17. h5 Bxe4 18. Nxe4 Rf3 19. hxg6 hxg6 20. Rh3 Qe7 21. Rdh1 Kf7 22. Re1 d5 23. cxd5 cxd5 24. Rh4 dxe4 25. Bb3+ Rbxb3 26. axb3 Qc5+ 27. Kb1 Rf2 28. Rc1 Qe5 29. Rc3 e3 30. Rhc4 e2 31. Rxc7+ Kg8 32. Rc8+ Rf8 33. R8c5 e1Q+ 34. Ka2 Qxc5 35. Rxc5 Qxg3 36. Rc3 Qe1 37. Ka3 Qa1+ 38. Kb4 Qxb2 39. Rc4 Rb8+ 40. Kc5 Qe5+ 41. Kc6 Rb6+ 42. Kd7 Qd6+ 0-1

[Event "EU-ch U16 Girls"]
[Site "Bratislava"]
[Date "2019.08.10"]
[Round "9"]
[White "Eftovska, Lea"]
[Black "Shaul Zeidner, Lyad"]
[Result "1/2-1/2"]
[WhiteElo "1488"]
[BlackElo "1630"]
[PlyCount "85"]
[EventDate "2019.08.02"]
[EventType "swiss"]
[EventRounds "9"]
[EventCountry "SVK"]
[SourceTitle "CBM 191 Extra"]
[Source "ChessBase"]
[SourceDate "2019.09.30"]
[SourceVersion "1"]
[SourceVersionDate "2019.09.30"]
[SourceQuality "1"]

1. e4 c5 2. Nc3 e6 3. f4 d5 4. Bb5+ Nc6 5. Bxc6+ bxc6 6. d3 Ba6 7. Nf3 c4 8. d4 Bb4 9. e5 Ne7 10. 0-0 Qc7 11. Be3 Nf5 12. Bf2 h5 13. Nh4 g6 14. Qf3 Be7 15. Nxf5 gxf5 16. Ne2 h4 17. Rfe1 Kd7 18. c3 Rab8 19. Reb1 Rb6 20. b3 cxb3 21. axb3 Qb8 22. b4 Bc4 23. Ra3 Bd8 24. Rba1 Rb7 25. Nc1 a6 26. Nd3 Bxd3 27. Qxd3 a5 28. bxa5 Be7 29. R3a2 Qa7 30. a6 Rb3 31. Rb1 Rhb8 32. Rxb3 Rxb3 33. Qc2 Rb6 34. Qe2 c5 35. h3 c4 36. Qh5 Rxa6 37. Rxa6 Qxa6 38. Qxf7 Qa1+ 39. Kh2 Qf1 40. Bxh4 Qxf4+ 41. Bg3 Qe3 42. Bh4 Qf4+ 43. Bg3 1/2-1/2

[Event "EU-ch U16 Girls"]
[Site "Bratislava"]
[Date "2019.08.09"]
[Round "8"]
[White "Ruzic, Pia Marie"]
[Black "Eftovska, Lea"]
[Result "1-0"]
[WhiteElo "1826"]
[BlackElo "1488"]
[PlyCount "57"]
[EventDate "2019.08.02"]
[EventType "swiss"]
[EventRounds "9"]
[EventCountry "SVK"]
[SourceTitle "CBM 191 Extra"]
[Source "ChessBase"]
[SourceDate "2019.09.30"]
[SourceVersion "1"]
[SourceVersionDate "2019.09.30"]
[SourceQuality "1"]

1. c4 Nf6 2. Nc3 g6 3. g3 Bg7 4. Bg2 0-0 5. e4 d6 6. Nge2 e5 7. 0-0 Nc6 8. d3 Bd7 9. f3 Qc8 10. Be3 Bh3 11. Rb1 Bxg2 12. Kxg2 a5 13. a3 Ne7 14. b4 axb4 15. axb4 c6 16. Qb3 Qe6 17. d4 exd4 18. Bxd4 Rfd8 19. Rfd1 Ne8 20. Nf4 Qc8 21. Bxg7 Nxg7 22. Rd2 g5 23. Nfe2 Ng6 24. Rbd1 Qe6 25. Nd4 Qf6 26. b5 Ne5 27. Rf1 Qh6 28. Ra2 Qe6 29. Nxe6 1-0

[Event "EU-ch U16 Girls"]
[Site "Bratislava"]
[Date "2019.08.03"]
[Round "2"]
[White "Avelino, Camila Biscaya"]
[Black "Eftovska, Lea"]
[Result "1/2-1/2"]
[WhiteElo "1785"]
[BlackElo "1488"]
[PlyCount "91"]
[EventDate "2019.08.02"]
[EventType "swiss"]
[EventRounds "9"]
[EventCountry "SVK"]
[SourceTitle "CBM 191 Extra"]
[Source "ChessBase"]
[SourceDate "2019.09.30"]
[SourceVersion "1"]
[SourceVersionDate "2019.09.30"]
[SourceQuality "1"]

1. e4 e5 2. Nf3 Nc6 3. Bb5 a6 4. Ba4 Nf6 5. 0-0 b5 6. Bb3 Bc5 7. c3 d6 8. d4 Bb6 9. h3 h6 10. a4 Bb7 11. Re1 0-0 12. d5 Na5 13. Bc2 c6 14. dxc6 Nxc6 15. Be3 Bxe3 16. Rxe3 Qc7 17. Nbd2 Rad8 18. Re1 b4 19. cxb4 Nxb4 20. Rc1 Qd7 21. Bb1 Bc6 22. b3 Qb7 23. Qe2 Rc8 24. Nc4 Rfd8 25. Nfd2 Be8 26. Nf3 Nc6 27. Bc2 Qb4 28. Red1 Na5 29. Nxa5 Qxa5 30. Bd3 Rc3 31. Bxa6 Rxb3 32. Bc4 Rb4 33. Qc2 Qxa4 34. Qxa4 Rxa4 35. Nxe5 Nxe4 36. f3 Nf6 37. Bb3 Rb4 38. Bd5 Nxd5 39. Rxd5 Rbb8 40. Rcd1 Ba4 41. R1d4 f6 42. Nc4 Rb4 43. Nxd6 Rxd4 44. Rxd4 Bb3 45. Nf5 Rxd4 46. Nxd4 1/2-1/2